000 01004nam a22003017a 4500
003 CHAP
005 20220329140147.0
008 971013s1982 r 00010 d
010 _a47862
011 _a48834
035 _a52981
040 _cCHAP
082 _a001.64044
_bT64Y
100 0 0 _aTokheim, Roger L.
_9113595
245 _aTeoría y problemas de principios digitales
260 _aMéxico, D.F. :
_bMcGraw-Hill,
_c1982
300 _a240 p.
_b: ilus. ; gráfs.
590 _aBATCH-UPD
_b10
_c20130110
_lUCH01
_h1859
590 _aBATCH-UPD
_b10
_c20130410
_lUCH01
_h1227
590 _aBATCH-UPD
_b10
_c20130914
_lUCH01
_h0816
590 _aCONVERSION
_b10
_c20130109
_lUCH01
_h1326
650 1 4 _aCalculadoras electrónicas digitales.
_917346
650 1 4 _aComputadoras.
_926129
901 _aBK
942 _cLIBRO
949 _a001.64044 T64Y
_bBC
_cLIBRO
_d33724000288296
_eLIBRO
_gI.c/e
_h64440
_i52981
_sm
949 _a001.64044 T64Y
_bBC
_cLIBRO
_d33724000288304
_eLIBRO
_fc.2
_gI.c/e
_h64441
_i52981
_si
999 _c47862
_d47862